000 00635nam a2200205Ia 4500
003 OSt
005 20260212105400.0
008 210210b2008 xxu||||| |||| 00| 0 eng d
040 _cAL
041 _aKannada
082 _a305.4K GITS
100 _aGITA NAGABHUSHANA Ed
_9151673
_dಗೀತಾ ನಾಗಭೂಷಣ
245 _aSamskrati mahila malike: samputa 4
_bಸಂಸ್ಕೃತಿ ಮಹಿಳಾ ಮಾಲಿಕೆ : ಸಂಪುಟ ೪
260 _aBengaluru
_bKarnataka Sahitya Akademi
_c2008
300 _axvii,266
440 _a4
_9151674
690 _aWomen Studies
_9151675
906 _a065376
942 _2ddc
_cBK
999 _c142548
_d142548